00520nam a22001457a 4500003000400000005001700004008004100021040001400062100002900076245010200105260000900207300002900216500009800245504003100343OSt20171010095516.0120814t xxu||||| |||| 00| 0 eng d aMMSUcULS aRivera, Ma. Victoria L.  aAnalysis of in-service training needs of municipal agriculture officers cMa. Victoria L. Rivera  c2000 axvii, 87 leaves c28 cm. aThesis (MS Rural Development) -- Mariano Marcos State University-Graduate School, Laoag City  aBibliography: leaves 73-75